000 00284nam a22001217a 4500
041 _aENG
100 _aJ.P Mittal
245 _aResearch Manual on Energy Requirements in Agricultural Sector
260 _aIndia
_bICAR
_c1988
300 _a150
650 _aEOES (12)
856 _uEOES
999 _c2701
_d2701